Science Quiz

Random Science or Math Quiz

30 Second Math Quiz Stats

 Plays Quiz Updated Mar 17, 2020

Support Sporcle.
Go Orange.
Score 0/30 Timer 00:30
7 Plays Today
Expression Answer % Correct
0-00
72.8%
3-12
72.5%
1+12
72.5%
3+03
72.4%
3+47
72.4%
1+78
72.4%
5+16
72.4%
5-32
72.4%
3+58
72.4%
1+89
72.4%
7-43
72.3%
6-15
72.3%
5+27
72.3%
2+24
72.3%
3+69
72.3%
Expression Answer % Correct
2-11
72.3%
8-17
72.3%
9-90
72.3%
2+46
72.2%
9-18
72.2%
8-35
72.2%
5-23
72.2%
6-24
72.1%
7+29
72.1%
8/24
72.1%
9*19
72%
8/81
71.9%
6/32
71.8%
2*36
71.8%
1*00
71.3%

You're not logged in!

Compare scores with friends on all Sporcle quizzes.
OR
Log In
Forgot?

From the Vault

Amino Acid Abbreviations (3-letter)

by Loona

You might have to study a bit before tackling this one.
Remove Ads.
Support Sporcle.
Get the best of Sporcle when you Go Orange. This ad-free experience offers more features, more stats, and more fun while also helping to support Sporcle. Thank you for becoming a member.

Show Comments

Extras

Top Quizzes Today


Score Distribution

Your Account Isn't Verified!

In order to create a playlist on Sporcle, you need to verify the email address you used during registration. Go to your Sporcle Settings to finish the process.

Report this User

Report this user for behavior that violates our Community Guidelines.

Details: